000 00951nmm a2200277 a 4500
001 ocm0001299348
003 TR-IsHL
005 20201028161705.0
008 160715s2015 tu tur
007 cr cn
020 _a9786055227579
035 _a1299348
_b(N$T)
050 0 4 _aPL248.E46
_bM46 2015
090 0 4 _aPL248.E46
_bM46 2015
100 1 _aTulum, Mertol
245 1 0 _aMimli ikilinin kıyameti: menakibu'l kudsiyyenin 20 yıl sonra kuşe kağıtlı 3. baskısı münasebetiyle
_h[electronic resource] /
_cMertol Tulum
260 _aİstanbul :
_bDoğu Kütüphanesi,
_c2015
300 _a76 p.
650 4 _aDil ve Edebiyat
650 4 _aLanguage and Literature
650 0 _aTasavvuf şiiri, Türkçe
650 0 _aSufi poetry, Turkish
650 0 _aElvan Çelebi
650 7 _aLITERARY CRITICISM / Poetry
_2bisacsh
856 4 0 _uhttp://search.ebscohost.com/login.aspx?direct=true&scope=site&db=e011xww&AN=1299348
999 _c14273
_d14273